Qui a créé ce sketch comique ? (3) - Statistiques

Statistiques générales
  • Ce quiz a été pris 16 fois
  • Le résultat moyen est 7 sur 21
Statistiques - réponses
Hint Réponse % Correct
Les Chasseurs Les Inconnus
87%
C'est l'histoire d'un mec Coluche
73%
Le plombier Fernand Raynaud
60%
Les horaires de bureau Florence Foresti
53%
On ne nous dit pas tout Anne Roumanoff
40%
Le répondeur Muriel Robin
40%
La mer démontée Raymond Devos
40%
(M)Ercedes Dany Boon
33%
L'aventurier Franck Dubosc
33%
Roman Photo Les Nuls
33%
Les patelins Chevalier et Laspales
27%
Circulation à Rome Jean Yanne
27%
La sortie d'école Gad Elmaleh
20%
L'après-diner Sylvie Joly
20%
Le Calendrier Arnaud Tsamère
13%
La femme parfaite Élie Semoun
13%
Le parti d'en rire Francis Blanche et Pierre Dac,
13%
Les Clés Pierre Palmade
13%
La voiture d'occasion Robert Lamoureux
13%
Mon fils et l'homosexualité Jamel Debbouze
7%
Le conservatoire Bourvil
0%
Aucun quiz correspondant
Distribution des résultats
% des personnes avec chaque résultat
Percentile par nombre de réponses
Votre historique - résultats
Vous n’avez pas pris ce quiz